Guess the Football Team these Players have in Common - Statistics

General Stats
  • This quiz has been taken 190 times
  • The average score is 7 of 12
Answer Stats
Hint Answer % Correct
Alexander Isak / Jakub Błaszczykowski / Robert Lewandowski / Nuri Şahin / André Schürrle Borussia Dortmund
94%
Diego Forlán / Thibaut Courtois / Maxi Rodríguez / Diego Costa / Rodri Atlético Madrid
73%
Pepe / Nicolás Otamendi / Ricardo Quaresma / Hulk / Luis Díaz / FC Porto
72%
Zlatan Ibrahimović / Robbie Keane / Steven Gerrard / Carlo Cudicini / David Beckham LA Galaxy
70%
Didier Drogba / Wesley Sneijder / Frank de Boer / Franck Ribéry / DeAndre Yedlin Galatasaray
55%
Loïc Rémy / Callum Wilson / Mathieu Debuchy / Andy Cole / Yohan Cabaye Newcastle United
53%
Stefan Savić / Juan Cuadrado / Stevan Jovetić / Dunga / Gabriel Batistuta ACF Fiorentina
52%
Jordan Ayew / Joey Barton / Chris Waddle / Steve Mandanda / Samir Nasri Marseille
51%
Ibrahim Afellay / Bojan Krkić / Marko Arnautović / Robert Huth / Darren Fletcher Stoke City
48%
Peter Crouch / Joe Hart / Jay Rodriguez / Kyle Lafferty / Scott Arfield Burnley
42%
Edgar Davids / Alexander Sørloth / Julián Speroni / Mile Jedinak / Christian Benteke Crystal Palace
40%
Scott Sinclair / Jeffrey Bruma / Fabio Borini / Oriol Romeu / Franco Di Santo Chelsea
30%
No matching quizzes found
Score Distribution
Percent of People with Each Score
Percentile by Number Answered
Your Score History
You have not taken this quiz